Statistics for FIFA 22 Bundesliga TOTS

Click here to take the quiz!

General Stats

  • This quiz has been taken 153 times
    (137 since last reset)
  • The average score is 16 of 20

Answer Stats

ClubPositionRatingAnswer% Correct
Bayern MunichCDM97Joshua Kimmich
99%
Bayern MunichST97Robert Lewandowski
98%
Bayern MunichGK95Manuel Neuer
96%
RB LeipzigCF96Christopher Nkunku
95%
Borussia DortmundCM96Jude Bellingham
95%
Bayern MunichCAM94Thomas Muller
95%
Borussia DortmundST95Erling Haaland
94%
Bayer LeverkusenCAM95Florian Wirtz
92%
Bayern MunichLB93Alphonso Davies
90%
Eintracht FrankfurtLM90Filip Kostic
81%
Bayer LeverkusenRM92Moussa Diaby
78%
Bayer LeverkusenRB91Jeremie Frimpong
77%
Eintracht FrankfurtCB92Evan Ndicka
72%
FreiburgCB91Nico Schlotterbeck
71%
HoffenheimLB90David Raum
70%
KolnST93Anthony Modeste
68%
FreiburgLM90Vincenzo Grifo
61%
RB LeipzigCB91Josko Gvardiol
58%
AugsburgCDM92Niklas Dorsch
44%
Bayer LeverkusenCAM92Paulinho
27%

Score Distribution

Percentile by Number Answered

Percent of People with Each Score

Your Score History

You have not taken this quiz since the last reset